| 000 | 01195ngm a2200349 a 4500 | ||
|---|---|---|---|
| 003 | BLK | ||
| 005 | 20240607140153.0 | ||
| 008 | 180410b bul||n||s|||||||| mlbulo| | ||
| 010 | _aCDD00008798000 | ||
| 040 | _aBLK | ||
| 041 |
_aDEU _cDEU |
||
| 072 | 7 |
_2bullib _aФ0601 _xИгрални филми Ф |
|
| 080 |
_aХудожествени филмови жанрове _b791.221/.228 _z791.221/.228 |
||
| 245 | 1 | 0 |
_aDon't Come Knocking [DVD видео] _creg. Wim Wenders; drehbuchaut. Sam Shepard; darst. Sam Shepard; darst. Jessica Lange; darst. Tim Roth. |
| 257 | _aDEU | ||
| 260 |
_bGoethe-Inst. _c2013 _g2004/2005 _aHamburg |
||
| 300 |
_a1 DVD _bPAL : цв. _c12 см. |
||
| 306 | _a118 мин. | ||
| 380 | _a7 | ||
| 659 | _aФ | ||
| 700 | 1 |
_aWenders, Wim _ereg. _9387440 |
|
| 700 | 1 |
_aShepard, Sam _edrehbuchaut. _9387850 |
|
| 700 | 1 |
_aShepard, Sam _edarst. _9387850 |
|
| 700 | 1 |
_aLange, Jessica _edarst. _9355669 |
|
| 700 | 1 |
_aRoth, Tim _edarst. _9355670 |
|
| 852 |
_aЦб CD 3952 _p0 |
||
| 856 | 4 |
_qpdf _u |
|
| 856 | 4 |
_qpdf _u |
|
| 942 |
_cCDD _n0 |
||
| 944 |
_aCR _c19.05.2011 _k30542 _lРусанова Ирена |
||
| 944 |
_aED _c11.06.2015 _kТеодора_Стоянова |
||
| 999 |
_c227934 _d227934 |
||